000 00616nam a2200193Ia 4500
005 20250508160814.0
008 008 250505s9999 xx 000 0 eng d
037 _aTextual
040 _aFEDL
_beng
_cFEDL
041 _aeng
_2eng
084 _a373, SUM
_qFEDL
100 _aSumner R
_9769420
245 0 _aAchievement in secondary school: Attitudes, personality and school success
260 _aLondon, UK
_bNational Foundation for Educational Research in England and Wales
_c1972
300 _a206p.
700 _a Warburton F W
_9769421
942 _cTEXL
_h373, SUM
999 _c1366727
_d1366727